<?xml version="1.0" encoding="UTF-8"?>
<collection xmlns="http://www.loc.gov/MARC21/slim">
 <record>
  <leader>01821nam a22002657a 4500</leader>
  <controlfield tag="001">NCT_51049</controlfield>
  <controlfield tag="008">180920b        xxu||||| |||| 00| 0 vie d</controlfield>
  <datafield tag="999" ind1=" " ind2=" ">
   <subfield code="c">2438</subfield>
   <subfield code="d">2438</subfield>
  </datafield>
  <datafield tag="020" ind1=" " ind2=" ">
   <subfield code="a">9786046023470</subfield>
   <subfield code="c">79000</subfield>
  </datafield>
  <datafield tag="082" ind1="0" ind2="4">
   <subfield code="2">23rd ed.</subfield>
   <subfield code="a">527</subfield>
   <subfield code="b">Tr573</subfield>
  </datafield>
  <datafield tag="245" ind1="0" ind2="0">
   <subfield code="a">Thu nhận protein, chất màu từ phế liệu thủy sản và ứng dụng</subfield>
   <subfield code="c">Trang Sĩ Trung (chủ biên) ; .....[et al.]</subfield>
  </datafield>
  <datafield tag="260" ind1=" " ind2=" ">
   <subfield code="a">H.</subfield>
   <subfield code="b">Nông nghiệp</subfield>
   <subfield code="c">2016</subfield>
  </datafield>
  <datafield tag="300" ind1=" " ind2=" ">
   <subfield code="a">180 tr.</subfield>
   <subfield code="b">minh họa</subfield>
   <subfield code="c">24cm</subfield>
  </datafield>
  <datafield tag="520" ind1=" " ind2=" ">
   <subfield code="a">&quot;Trình bày thành phần và tính chất của các phế liệu thủy sản, các phương pháp thu nhận cũng như ứng dụng của các sản phẩm có giá trị từ các phế liệu đó&quot;</subfield>
  </datafield>
  <datafield tag="653" ind1=" " ind2=" ">
   <subfield code="a">Công nghệ thực phẩm</subfield>
  </datafield>
  <datafield tag="700" ind1="1" ind2=" ">
   <subfield code="a">Trang Sĩ Trung</subfield>
   <subfield code="e">chủ biên</subfield>
  </datafield>
  <datafield tag="700" ind1="1" ind2=" ">
   <subfield code="a">Nguyễn Thị Mỹ Hương</subfield>
  </datafield>
  <datafield tag="700" ind1="1" ind2=" ">
   <subfield code="a">Phạm Thị Đan Phượng</subfield>
  </datafield>
  <datafield tag="942" ind1=" " ind2=" ">
   <subfield code="2">ddc</subfield>
   <subfield code="c">BK</subfield>
  </datafield>
  <datafield tag="952" ind1=" " ind2=" ">
   <subfield code="0">0</subfield>
   <subfield code="1">0</subfield>
   <subfield code="2">ddc</subfield>
   <subfield code="4">0</subfield>
   <subfield code="6">527_000000000000000_TR573</subfield>
   <subfield code="7">0</subfield>
   <subfield code="9">14042</subfield>
   <subfield code="a">000001</subfield>
   <subfield code="b">000001</subfield>
   <subfield code="d">2018-09-20</subfield>
   <subfield code="l">3</subfield>
   <subfield code="o">527 Tr573</subfield>
   <subfield code="p">MD.13383</subfield>
   <subfield code="q">2022-03-04</subfield>
   <subfield code="r">2022-02-18</subfield>
   <subfield code="s">2022-02-18</subfield>
   <subfield code="v">79000.00</subfield>
   <subfield code="w">2018-09-20</subfield>
   <subfield code="y">BK</subfield>
  </datafield>
  <datafield tag="952" ind1=" " ind2=" ">
   <subfield code="0">0</subfield>
   <subfield code="1">0</subfield>
   <subfield code="2">ddc</subfield>
   <subfield code="4">0</subfield>
   <subfield code="6">527_000000000000000_TR573</subfield>
   <subfield code="7">0</subfield>
   <subfield code="9">14043</subfield>
   <subfield code="a">000001</subfield>
   <subfield code="b">000001</subfield>
   <subfield code="d">2018-09-20</subfield>
   <subfield code="o">527 Tr573</subfield>
   <subfield code="p">MD.13384</subfield>
   <subfield code="r">2018-09-20</subfield>
   <subfield code="v">79000.00</subfield>
   <subfield code="w">2018-09-20</subfield>
   <subfield code="y">BK</subfield>
  </datafield>
  <datafield tag="952" ind1=" " ind2=" ">
   <subfield code="0">0</subfield>
   <subfield code="1">0</subfield>
   <subfield code="2">ddc</subfield>
   <subfield code="4">0</subfield>
   <subfield code="6">527_000000000000000_TR573</subfield>
   <subfield code="7">0</subfield>
   <subfield code="9">14044</subfield>
   <subfield code="a">000001</subfield>
   <subfield code="b">000001</subfield>
   <subfield code="d">2018-09-20</subfield>
   <subfield code="l">3</subfield>
   <subfield code="o">527 Tr573</subfield>
   <subfield code="p">MD.13385</subfield>
   <subfield code="r">2020-07-03</subfield>
   <subfield code="s">2020-06-26</subfield>
   <subfield code="v">79000.00</subfield>
   <subfield code="w">2018-09-20</subfield>
   <subfield code="y">BK</subfield>
  </datafield>
  <datafield tag="952" ind1=" " ind2=" ">
   <subfield code="0">0</subfield>
   <subfield code="1">0</subfield>
   <subfield code="2">ddc</subfield>
   <subfield code="4">0</subfield>
   <subfield code="6">527_000000000000000_TR573</subfield>
   <subfield code="7">0</subfield>
   <subfield code="9">14045</subfield>
   <subfield code="a">000001</subfield>
   <subfield code="b">000001</subfield>
   <subfield code="d">2018-09-20</subfield>
   <subfield code="l">3</subfield>
   <subfield code="m">1</subfield>
   <subfield code="o">527 Tr573</subfield>
   <subfield code="p">MD.13386</subfield>
   <subfield code="r">2019-09-20</subfield>
   <subfield code="s">2019-09-11</subfield>
   <subfield code="v">79000.00</subfield>
   <subfield code="w">2018-09-20</subfield>
   <subfield code="y">BK</subfield>
  </datafield>
  <datafield tag="952" ind1=" " ind2=" ">
   <subfield code="0">0</subfield>
   <subfield code="1">0</subfield>
   <subfield code="2">ddc</subfield>
   <subfield code="4">0</subfield>
   <subfield code="6">527_000000000000000_TR573</subfield>
   <subfield code="7">0</subfield>
   <subfield code="9">14046</subfield>
   <subfield code="a">000001</subfield>
   <subfield code="b">000001</subfield>
   <subfield code="d">2018-09-20</subfield>
   <subfield code="o">527 Tr573</subfield>
   <subfield code="p">MD.13387</subfield>
   <subfield code="r">2018-09-20</subfield>
   <subfield code="v">79000.00</subfield>
   <subfield code="w">2018-09-20</subfield>
   <subfield code="y">BK</subfield>
  </datafield>
  <datafield tag="980" ind1=" " ind2=" ">
   <subfield code="a">Thư viện Trường Đại học Nam Cần Thơ</subfield>
  </datafield>
 </record>
</collection>
